International relation in India: (Record no. 62075)

MARC details
000 -LEADER
fixed length control field 03598nam a22004217a 4500
005 - DATE AND TIME OF LATEST TRANSACTION
control field 20120206110714.0
010 ## - LCCN (DPL NO)
LC control number B-452486-492 B-456956-962
020 ## - INTERNATIONAL STANDARD BOOK NUMBER
International Standard Book Number 8125026398
Terms of availability 475.00
020 ## - INTERNATIONAL STANDARD BOOK NUMBER
International Standard Book Number 9788125026396
Terms of availability 475.00
035 ## - SYSTEM CONTROL NUMBER
System control number B-452486-492 B-456956-962
037 ## - SOURCE OF ACQUISITION
Source of stock number/acquisition Virtuous Pub/Ven
037 ## - SOURCE OF ACQUISITION
Source of stock number/acquisition K.K.Pub/Ven
082 ## - DEWEY DECIMAL CLASSIFICATION NUMBER
Classification number 327.54
245 ## - TITLE STATEMENT
Title International relation in India:
Statement of responsibility, etc edited by Kanti Bajpai and Siddharth Mallavarapu
Remainder of title bringing theory back home /
260 ## - PUBLICATION, DISTRIBUTION, ETC. (IMPRINT)
Place of publication, distribution, etc New Delhi
Name of publisher, distributor, etc Orient Longman
Date of publication, distribution, etc 2005
270 ## - ADDRESS
Address 1/24 Asaf Ali Road,
City New Delhi
Postal code 110002
300 ## - PHYSICAL DESCRIPTION
Extent viii,546p.
Dimensions 22cm(pbk)
500 ## - GENERAL NOTE
General note Includes bibliographical references and index
700 ## - ADDED ENTRY--PERSONAL NAME
Personal name Bajpai,Kanti
9 (RLIN) 40979
700 ## - ADDED ENTRY--PERSONAL NAME
Personal name Mallavarapu, Siddharth
9 (RLIN) 40980
942 ## - ADDED ENTRY ELEMENTS (KOHA)
Source of classification or shelving scheme Dewey Decimal Classification
Item type English Books
Call number suffix INT
Classification part 327.54
Holdings
Withdrawn status Lost status Not for loan Collection code Home library Current library Date acquired Source of acquisition Cost, normal purchase price Full call number Barcode Copy number Cost, replacement price Koha item type
      Non-fiction Andrews Gunj Andrews Gunj 22/08/2012 K.K.Pub/1633/20.01.2012/19/16.01.2012/03.02.2012 475.00 327.54 INT B-456958 1 475.00 English Books
      Non-fiction Bawana Bawana 22/08/2012 K.K.Pub/1633/20.01.2012/19/16.01.2012/03.02.2012 475.00 327.54 INT B-456961 1 475.00 English Books
  Lost and Paid For   Non-fiction Central Library Central Library 16/02/2012 Virtuous Pub/686/14.10.2011/05/15.09.2011/29.11.2011 475.00 327.54 INT B-452486 1 475.00 English Books
      Non-fiction Janak Puri Janak Puri 16/02/2012 Virtuous Pub/686/14.10.2011/05/15.09.2011/29.11.2011 475.00 327.54 INT B-452488 1 475.00 English Books
      Non-fiction Karol Bagh Karol Bagh 16/02/2012 Virtuous Pub/686/14.10.2011/05/15.09.2011/29.11.2011 475.00 327.54 INT B-452491 1 475.00 English Books
      Non-fiction Kasturba Gandhi Marg Kasturba Gandhi Marg 22/08/2012 K.K.Pub/1633/20.01.2012/19/16.01.2012/03.02.2012 475.00 327.54 INT B-456956 1 475.00 English Books
      Non-fiction Narela Narela 22/08/2012 K.K.Pub/1633/20.01.2012/19/16.01.2012/03.02.2012 475.00 327.54 INT B-456960 1 475.00 English Books
      Non-fiction Patel Nagar Patel Nagar 16/02/2012 Virtuous Pub/686/14.10.2011/05/15.09.2011/29.11.2011 475.00 327.54 INT B-452487 1 475.00 English Books
      Non-fiction R.K.Puram-8 R.K.Puram-8 22/08/2012 K.K.Pub/1633/20.01.2012/19/16.01.2012/03.02.2012 475.00 327.54 INT B-456957 1 475.00 English Books
      Non-fiction Sarojini Nagar Sarojini Nagar 16/02/2012 Virtuous Pub/686/14.10.2011/05/15.09.2011/29.11.2011 475.00 327.54 INT B-452489 1 475.00 English Books
      Non-fiction Shahdara Branch Shahdara Branch 16/02/2012 Virtuous Pub/686/14.10.2011/05/15.09.2011/29.11.2011 475.00 327.54 INT B-452492 1 475.00 English Books
      Non-fiction Sriniwas Puri Sriniwas Puri 22/08/2012 K.K.Pub/1633/20.01.2012/19/16.01.2012/03.02.2012 475.00 327.54 INT B-456959 1 475.00 English Books
      Non-fiction Vinoba Puri Vinoba Puri 16/02/2012 Virtuous Pub/686/14.10.2011/05/15.09.2011/29.11.2011 475.00 327.54 INT B-452490 1 475.00 English Books
      Non-fiction Yojana Vihar Yojana Vihar 22/08/2012 K.K.Pub/1633/20.01.2012/19/16.01.2012/03.02.2012 475.00 327.54 INT B-456962 1 475.00 English Books

© Delhi Public Library
Hit Counter
free hit counter